000 00361nam a2200133Ia 4500
008 151001s9999||||xx |||||||||||||| ||und||
100 _aP. K. Singh
245 _aWeight Loss
250 _a1
260 _bKunal prakshan
260 _c2007
300 _a160
365 _b21
999 _c994944
_d994941